000 01375nam a2200277Ia 4500
999 _c38485
_d38485
001 4498
003 GE_BSU
005 20191018155951.0
008 181216s2012||||ge |||||||||||||| ||geo||
020 _a9789941044151
040 _cGE_BSU
041 _ageo
080 _a271.22(479.22) გ–19
100 _aგამახარია, ჯ.
_94848
245 _aწმინდა აღმსარებელი ამბროსი (ხელაია) :
_b150–ე წლისთავისთვის. მონოგრაფია /
_cჯემალ გამახარია ; რედ. ლია ახალაძე.
264 _aთბილისი,
_c2012.
300 _a551 გვ. :
_bფოტ. ;
_c27 სმ.
501 _a პირთა საძ.: გვ. 540-548.
504 _a ბიბლიოგრ. ტექსტის შენიშვნ.
600 _aამბროსი (კათოლიკოს-პატრიარქი, 1861-1927, ბესარიონ ხელაია);
_94843
653 _aრელიგია
653 _aსაქართველოს კათოლიკოს-პატრიარქები;
653 _aქართველი წმინდანები;
700 _aახალაძე, ლია
_eრედაქტორი
_9552
942 _cBK
_2udc